000 00468nam a2200157Ia 4500
003 Ost
005 20260225132557.0
008 260225s9999||||xx |||||||||||||| ||und||
040 _cfsic
041 _afre
082 _a302.23
100 _aFaouzia Bendjelid;Mohamed Daoud
_eAuteur
245 0 _aLe Maghreb des années 1990 à nos jours :
245 0 _bEmergence d'un nouvel imaginaire et de nouvelles écritures /
_cFaouzia Bendjelid;Mohamed Daoud
942 _cكتاب
999 _c34528
_d34528